<?xml version="1.0" encoding="UTF-8"?><?xml-stylesheet type="text/xsl" href="static/style.xsl"?><OAI-PMH xmlns="http://www.openarchives.org/OAI/2.0/" xmlns:xsi="http://www.w3.org/2001/XMLSchema-instance" xsi:schemaLocation="http://www.openarchives.org/OAI/2.0/ http://www.openarchives.org/OAI/2.0/OAI-PMH.xsd"><responseDate>2026-06-02T09:05:55Z</responseDate><request verb="GetRecord" identifier="oai:riuma.uma.es:10630/19161" metadataPrefix="marc">https://riuma.uma.es/rest/oai/request</request><GetRecord><record><header><identifier>oai:riuma.uma.es:10630/19161</identifier><datestamp>2026-02-03T10:19:21Z</datestamp><setSpec>com_10630_1685</setSpec><setSpec>col_10630_38055</setSpec></header><metadata><record xmlns="http://www.loc.gov/MARC21/slim" xmlns:dcterms="http://purl.org/dc/terms/" xmlns:doc="http://www.lyncode.com/xoai" xmlns:xsi="http://www.w3.org/2001/XMLSchema-instance" xsi:schemaLocation="http://www.loc.gov/MARC21/slim http://www.loc.gov/standards/marcxml/schema/MARC21slim.xsd">
   <leader>00925njm 22002777a 4500</leader>
   <datafield ind2=" " ind1=" " tag="042">
      <subfield code="a">dc</subfield>
   </datafield>
   <datafield ind2=" " ind1=" " tag="720">
      <subfield code="a">Casa Correia, Jordy Ryan</subfield>
      <subfield code="e">author</subfield>
   </datafield>
   <datafield ind2=" " ind1=" " tag="260">
      <subfield code="c">2020-01-14</subfield>
   </datafield>
   <datafield ind2=" " ind1=" " tag="520">
      <subfield code="a">El desarrollo del sfotware ha pasado de ser rígido y poco flexible, a ser ágil en constante cambio con la aparición de entornos de integración y despliegue contínuo, con herramientas como Jenkins. &#xd;
sin embargo, los desarrolladores suelen confiar en dichos entornos debido a la gran cantidad de comodidades que ofrecen, centrando su atención respecto a la seguridad únicamente en la autenticación, sin tener en cuenta otras características de seguridad como la integridad de los datos, que para nuestro caso concreto se corresponde con el código fuente.&#xd;
Es importante que el código fuente de un proyecto software no sea modificado de forma maliciosa, y en la actuallidad, no existe ningún método que permita comprobar que la integridad del proyecto noha sido violada. para la implementación de este método se ha decidido utilizar un elemento seguro, en concreto el conocido como Módulo de Plataforma de Confianza (Trusted Platform Module, o TPM en inglés). Este elemento consiste en un chip hardware que proporciona funcionalidades criptográficas, seguras e inmutables, que cada vez se encuentran con más frecuencia disponibles en la gran mayoría de computadores domésticos desde 2003.</subfield>
   </datafield>
   <datafield ind1="8" ind2=" " tag="024">
      <subfield code="a">https://hdl.handle.net/10630/19161</subfield>
   </datafield>
   <datafield tag="653" ind2=" " ind1=" ">
      <subfield code="a">Redes de ordenadores - Medidas de seguridad</subfield>
   </datafield>
   <datafield tag="653" ind2=" " ind1=" ">
      <subfield code="a">Criptografía</subfield>
   </datafield>
   <datafield tag="653" ind2=" " ind1=" ">
      <subfield code="a">Informática - Trabajos Fin de Grado</subfield>
   </datafield>
   <datafield tag="653" ind2=" " ind1=" ">
      <subfield code="a">Grado en Ingeniería del Software - Trabajos Fin de Grado</subfield>
   </datafield>
   <datafield ind2="0" ind1="0" tag="245">
      <subfield code="a">Validación de la integridad del software en la integración contínua iterativa mediante el uso del módulo de plataforma de confianza (TPM)</subfield>
   </datafield>
</record>
</metadata></record></GetRecord></OAI-PMH>